00471nam a2200181Ia 4500003000400000008004100004040001600045082001700061100002600078245005400104700002200158260002000180300001000200650002600210650001200236650001900248650002200267GCL140319s9999 xx 000 0 eng d aGCL / cGCL04aCHb843bS M1 aSEGUR, LA COMTESSE DE10aLES MEMORES DE CADICHON / cSEGUR, LA COMTESSE DE1 aMILLOUR, GILBERTE a[S.N] : bHEMMA a120 P04aCHILDREN - LITERATURE04aFICTION04aFRENCH FICTION04aFRENCH LITERATURE